• 首页
  • 本馆介绍
  • 公告通知
  • 最新文献
  • 馆藏检索
  • 电子资源
  • 读者导购
  • 参考咨询
  • 我的图书馆
  • 登录
  • 详细信息显示
  • 放入我的书架
  • 预约/预借图书
  • 作者相关作品
  • 分类相关作品
  • 丛书相关作品
  • 出版社相关作品

书目信息

  • 表格格式
  • 工作单格式
  • 卡片格式
题名:
人物志·孝经
    
 
作者: 刘劭 , 刘少影 著
分册:  
出版信息: 北京   中国工人出版社  2016
页数: 183页
开本: 24cm
丛书名: 中华传统文化经典普及文库
单 册:
中图分类: C96-092 , B823.1
科图分类:
主题词: 人物志--注释 , 人物志--译文
电子资源:
ISBN: 978-7-5008-6472-1
000 01077oam2 2200313 450
001 012001003235
005 20140926114740.0
010    @a978-7-5008-6472-1@dCNY26.00
100    @a20160824d2016 em y0chiy50 ea
101 0  @achi
102    @aCN@b110000
105    @aa z 000yy
106    @ar
200 1  @a人物志·孝经@9ren wu zhi · xiao jing@f(三国)刘劭等著
210    @a北京@c中国工人出版社@d2016
215    @a183页@c图@d24cm
225 1  @a中华传统文化经典普及文库@v19
314    @a封面题:刘少影译注
330    @a本书收录两部国学经典著作。《人物志》是一部系统品鉴人物才性的玄学著作,也是—部研究魏晋学术思想的重要参考书。《孝经》是以孝为中心,比较集中地阐述了儒家的伦理思想,指出孝是诸德之本。
461  0 @12001 @a中华传统文化经典普及文库
605    @a《孝经》@x注释
606 0  @a人物志@x注释
606 0  @a人物志@x译文
690    @aC96-092@v5
690    @aB823.1@v5
701  0 @c(三国魏)@a刘劭@9liu shao@f(约168~240或172~249)@4著
701  0 @a刘少影@9liu shao ying@4译注
801  0 @aCN@b上海新华@c20180901
905    @b1159262-6@dC96-092@e124@f5
    
    人物志·孝经/(三国)刘劭等著.-北京:中国工人出版社,2016
    183页:图;24cm.-(中华传统文化经典普及文库;19)
    
    
    ISBN 978-7-5008-6472-1:CNY26.00
    本书收录两部国学经典著作。《人物志》是一部系统品鉴人物才性的玄学著作,也是—部研究魏晋学术思想的重要参考书。《孝经》是以孝为中心,比较集中地阐述了儒家的伦理思想,指出孝是诸德之本。
●
相关链接 在E读中查询图书 在五车中查询图书 在当当中查询图书 在豆瓣中查询图书


正题名:人物志·孝经     索取号:C96-092/124         预约/预借

序号 登录号 条形码 馆藏地/架位号 状态 备注
1 1159262   211592622   第一样本阅览室/ [索取号:C96-092/124] 在馆    
2 1159263   211592631   第一借阅区/ [索取号:C96-092/124] 在馆    
3 1159264   211592640   第一借阅区/ [索取号:C96-092/124] 在馆    
4 1159265   211592659   第一借阅区/ [索取号:C96-092/124] 在馆    
5 1159266   211592668   第一借阅区/ [索取号:C96-092/124] 在馆    
唐山师范学院图书馆 欢迎您!
大连网信软件有限公司© 版权所有